000 00679nam a2200241Ia 4500
008 170203s9999 xx 000 0 und d
020 _a9715180388
050 _aFic
050 _b.M932 2003
245 4 _aThe mouse and the lion /
245 _cstory by Aesop ; retold by Boots S.A. Pastor ; illustrated by Jason Moss
260 _aManila, Philippines :
260 _bLampara Publishing House, Inc.
260 _c2003
300 _a1 volume (unpaged) :
300 _bcolor illustrations ;
300 _c30 cm.
650 _aFables --
650 _aFables.
650 _aTagalog language materials --
650 _xBilingual.
650 _xJuvenile fiction.
999 _c306215
_d306215